000
00268 a2200109 4500
001
57135
082
_a
515 SNA
090
_c
35067
_d
35067
100
_a
Sanaullah
245
_a
A Text Book of Calculas & Analytic Geometry XII
260
_a
Lahore
_b
Punjab Text Book Board
942
_a
NUST-CAE
_k
515 SNA
999
_c
292208
_d
292208